Normal view
MARC view
- Desai, Anita,
Entry Personal Name
001 - CONTROL NUMBER
- control field: 12190
003 - CONTROL NUMBER IDENTIFIER
- control field: NUST
005 - DATE AND TIME OF LATEST TRANSACTION
- control field: 20180801042920.0
008 - FIXED-LENGTH DATA ELEMENTS
- fixed length control field: 180801|| aca||aabn | a|a d
040 ## - CATALOGING SOURCE
- Original cataloging agency: NUST
- Transcribing agency: NUST
100 ## - HEADING--PERSONAL NAME
- Personal name: Desai, Anita,
- Dates associated with a name: 1937-
670 ## - SOURCE DATA FOUND
- Source citation: Work cat.: (NUST)174559: Desai, Anita, 1937-, Fire on the mountain /, 1977.
